UK Eurovision Entries - Sudden Death - Statistics

General Stats
  • This quiz has been taken 52 times
  • The average score is 10 of 20
Answers on the Grid
Answers color-coded by a green-red scale on the quiz's grid according to % correct below.
Fantasy Island
Love Games
A Message To Your Heart
Sing Little Birdie
Puppet On A Chain
Flying The Flag (For You)
I Love You Because
No Dream Impossible
Don't Play That Song Again
Agadoo
Beg Steal Or Borrow
The Bad Old Days
Bang Boom A Boom
A Flower For All My Friends
Rockbottom
Why Do I Always Get It Wrong
Mary Ann
Where Are You
Jack In The Box
Feels Like I'm In Love
I Wrote A Song
Music For Chameleons
Dizzy
One Step Out Of Time
Space Man
Mothers Of The World
Long Live Love
Stop In The Neighbourhood
Diva
Children Of The Universe
Romeo And Juliet
I Belong
 
Answer Stats
Answer % Correct
I Wrote A Song
89%
Space Man
78%
Flying The Flag (For You)
72%
Dizzy
67%
A Message To Your Heart
61%
Beg Steal Or Borrow
56%
Children Of The Universe
56%
Sing Little Birdie
56%
Don't Play That Song Again
50%
One Step Out Of Time
50%
Rockbottom
50%
Jack In The Box
44%
Long Live Love
44%
Mary Ann
44%
No Dream Impossible
44%
The Bad Old Days
44%
Why Do I Always Get It Wrong
39%
I Belong
28%
Love Games
28%
Where Are You
28%
No matching quizzes found
Score Distribution
Percent of People with Each Score
Percentile by Number Answered
Your Score History
You have not taken this quiz